000
00298nam a22001337a 4500
008
171010b xxu||||| |||| 00| 0 eng d
020
_a
9780534187385
041
_a
eng
080
_2
5TH
_a
316
100
_a
50
101
_a
SOC
245
_a
MARRIAGES AND FAMILIES
_c
LAMANNA,M.A
942
_2
udc
_c
BK
999
_c
32988
_d
32988